[Event "V Open RGCC 2019"]
[Site "Gijon"]
[Date "2019.07.26"]
[Round "6.7"]
[White "Navrotescu, Andreea-Cristiana"]
[Black "Manolache, Marius"]
[Result "0-1"]
[WhiteElo "2266"]
[BlackElo "2504"]
[Annotator "TA"]
[PlyCount "120"]
[EventDate "2019.07.22"]
[EventType "swiss"]
[EventCountry "ESP"]
[SourceTitle "playchess.com"]
[Source "ChessBase"]
[SourceQuality "1"]

{[%evp 10,120,41,22,72,72,66,76,68,69,66,10,3,4,4,4,4,4,7,6,65,73,74,50,48,-39,-54,-44,-46,-50,-34,-38,-50,-36,0,0,0,0,0,0,0,0,0,0,0,-53,-53,-49,-49,-58,-53,-62,0,-72,-77,-98,-105,-90,-86,-67,-72,-79,-79,-53,153,156,137,129,116,115,175,179,172,75,74,64,25,0,0,-121,0,-144,-146,-330,-285,-285,-285,-408,-391,-379,-372,-372,-370,-617,-644,-693,-616,-616,-616,-616,-616,-1088,-1073,-1327,-1112,-29958,-9505,-29980,-29981,-29984,-29985,-29977,-29978]} 1. c4 Nf6 2. Nc3 d6 3. d4 g6 4. e4 Bg7 5. Nge2 Nbd7 6. Ng3 c5 {E70: King's Indian: Miscellaneous lines with 4 e4, including 5 Nge2 and 5 Bd3 0-0 6 Nge2} (6... e5 7. d5 a5 8. Be2 Nc5 9. Be3 h5 10. Qc2 Ng4 11. Bxc5 dxc5 12. h3 Nf6 13. O-O-O Bh6+ 14. Kb1 O-O {0-1 (48) Salem,A (2660)-Grischuk,A (2771) St Petersburg 2018}) 7. d5 $1 h5 8. Be2 a6 {White is better.} 9. a4 Nh7 $146 ({Predecessor:} 9... h4 10. Nf1 Qa5 11. Bd2 Nh5 12. g4 Nhf6 13. h3 g5 {0-1 (36) Steiner,B (2155)-Ajay Krishna,S (2200) Olomouc 2018}) 10. O-O (10. Nf1 $14) 10... h4 $11 11. Nh1 Bd4 12. Nb1 Ne5 13. Na3 h3 14. g3 Nf6 (14... Qb6 $11) 15. Nc2 $14 Qb6 16. Nxd4 cxd4 17. Bd3 {[#]} (17. a5 $14 Qa7 18. Bd3) 17... Qb3 $1 $15 {[%cal Rb3d1][%mdl 512] aiming for ...Qxd1.} 18. Be2 (18. Qxb3 Nf3#) 18... Qxd1 19. Bxd1 Nxe4 20. f3 Nc5 21. b3 Ned3 22. Ba3 $1 a5 23. Nf2 Nb4 24. Bb2 e5 $36 {[%mdl 2048] Black has the initiative.} 25. dxe6 $1 Nxe6 26. f4 Bd7 27. Bg4 (27. Ne4 $11) 27... f5 28. Bxh3 Bc6 29. Rad1 Bf3 $1 30. Rd2 Nc6 ({Black should try} 30... Nc5 $1 $15 31. Rxd4 Kd7) 31. Re1 (31. Bg2 $11 {remains equal.} Bxg2 32. Kxg2) 31... Kd7 $1 $17 32. Rd3 Rae8 33. Rxf3 {Strongly threatening Rd1.} Ng5 $1 {[%cal Rg5f3]} 34. fxg5 ({Avoid the trap} 34. Rxe8 $2 Nxf3+ 35. Kg2 Rxe8 $19) 34... Rxe1+ 35. Bf1 {Black must now prevent Rd3.} Rb1 $1 36. Nd3 Re8 $2 (36... Ne5 $15 {stays ahead.} 37. Nxe5+ dxe5) 37. Kg2 $1 $16 Ne5 38. Nxe5+ dxe5 39. Rf2 Kc6 (39... Rd1 $16 {might work better.}) 40. c5 $1 $18 {Hoping for Bb5+.} Rd8 {[#]} 41. Bb5+ (41. Rd2 $1 $18) 41... Kxc5 $16 42. Ba3+ Kb6 $1 43. Rc2 {Threatens to win with Bc5+.} d3 44. Bc5+ Kc7 {[%mdl 1024] Black has strong compensation.} 45. Rc3 {[#]} (45. Rd2 $11) 45... Rb2+ $1 $17 46. Kf3 $2 (46. Kf1 $17 Rc2 47. Bd4+ Rxc3 48. Bxe5+ Kc8 49. Bxc3) 46... e4+ $19 47. Kf4 Rc2 48. Bb4+ (48. Rxc2 {was the only defense.} dxc2 49. Ba3) 48... Rxc3 49. Bxa5+ b6 50. Bxc3 {Ke3 is the strong threat.} d2 51. Bxd2 $2 (51. Be2 d1=Q 52. Bxd1 Rxd1 53. g4 Rf1+ 54. Ke5) 51... Rxd2 {[%mdl 4096] Endgame KR-KB} 52. Be8 Rxh2 53. Bxg6 Rf2+ 54. Ke3 Rf3+ {[%mdl 64] Double Attack} 55. Ke2 Kd6 56. g4 f4 57. Bf7 Rg3 58. g6 Rxg4 {Black mates.} 59. b4 Rg2+ 60. Kf1 f3 {Accuracy: White = 48%, Black = 75%.} 0-1

[Event "V Open RGCC 2019"]
[Site "Gijon"]
[Date "2019.07.27"]
[Round "7.1"]
[White "Quispe Arteaga, Gabriel"]
[Black "Grigoryan, Karen H."]
[Result "0-1"]
[WhiteElo "2382"]
[BlackElo "2549"]
[Annotator "ChessBase"]
[PlyCount "68"]
[EventDate "2019.07.22"]
[EventType "swiss"]
[EventCountry "ESP"]
[SourceTitle "playchess.com"]
[Source "ChessBase"]
[SourceQuality "1"]
[TimeControl "5400+30"]

1. Nf3 g6 2. g3 Bg7 3. Bg2 e5 4. e4 Nc6 5. O-O Nge7 6. c4 d6 7. Nc3 O-O 8. d3 f5 9. exf5 Bxf5 10. h3 Kh8 11. Be3 Qd7 12. Kh2 Nd4 13. Ng5 h6 14. Nge4 c6 15. b4 a5 16. a3 Qd8 17. g4 Bc8 18. b5 Ne6 19. bxc6 bxc6 20. Ng3 d5 21. cxd5 cxd5 22. Qb3 Nf4 23. Bc5 Ba6 24. Rad1 Rb8 25. Qa4 d4 26. Bxe7 Qxe7 27. Nd5 Qd8 28. Nxf4 exf4 29. Ne4 f3 30. Bh1 Be5+ 31. Kg1 Qh4 32. Qxa5 Rb5 33. Qe1 Qxh3 34. Ng3 Bb7 0-1

[Event "V Open RGCC 2019"]
[Site "Gijon"]
[Date "2019.07.27"]
[Round "7.2"]
[White "Domingo Nunez, Ruben"]
[Black "Ortiz Suarez, Isan Reynaldo"]
[Result "0-1"]
[WhiteElo "2318"]
[BlackElo "2533"]
[Annotator "TA"]
[PlyCount "52"]
[EventDate "2019.07.22"]
[EventType "swiss"]
[EventCountry "ESP"]
[SourceTitle "playchess.com"]
[Source "ChessBase"]
[SourceQuality "1"]

{[%evp 23,62,33,33,0,2,0,0,0,0,-22,-24,-10,-12,-25,0,-127,-127,-256,-195,-208,-206,-198,-198,-254,-234,-284,-284,-322,-313,-299,-183,-193,-100,-187,-95,-683,-237,-689,-683,-29990,-39]} 1. e4 c5 2. Nf3 d6 3. d4 cxd4 4. Nxd4 Nf6 5. Nc3 a6 6. f3 e5 7. Nb3 Be6 8. Be3 Be7 9. Qd2 O-O 10. O-O-O Nbd7 11. g4 b5 12. g5 Nh5 13. Rg1 $146 {B90: Sicilian Najdorf: Unusual White 6th moves, 6 Be3 Ng4 and 6 Be3 e5} (13. Kb1 Nb6 14. Na5 Rc8 15. a3 g6 16. h4 Ng3 17. Rh2 Nxf1 18. Rxf1 h5 19. Bxb6 Qxb6 20. Nd5 Bxd5 21. exd5 {½-½ (35) Navara,D (2739)-Wojtaszek,R (2722) Prague 2019}) 13... Rc8 14. Nd5 Bxd5 $1 15. exd5 {The position is equal.} Nb6 $1 16. Na5 {[#] aiming for Nc6.} Nxd5 17. Qxd5 {Black must now prevent Nc6.} Qxa5 18. Rg4 g6 $40 {[%mdl 128] Black attacks.} 19. a4 (19. Kb1 $11 {remains equal.}) 19... Nf4 $1 $17 {[%cal Rf4d5]} 20. Qb3 (20. Qd2 $17 Qxa4 21. Kb1) 20... bxa4 21. Qb6 Qxb6 22. Bxb6 {[#]} a3 $1 23. bxa3 (23. Be3 {was called for.}) 23... d5 24. a4 Ba3+ 25. Kd2 Bb4+ 26. Kc1 Rc3 {Played: Rc8-c6} 0-1

[Event "V Open RGCC 2019"]
[Site "Gijon"]
[Date "2019.07.27"]
[Round "7.3"]
[White "Lindh, Fredrik"]
[Black "Cruz, Cristhian"]
[Result "0-1"]
[WhiteElo "2286"]
[BlackElo "2562"]
[Annotator "TA"]
[PlyCount "60"]
[EventDate "2019.07.22"]
[EventType "swiss"]
[EventCountry "ESP"]
[SourceTitle "playchess.com"]
[Source "ChessBase"]
[SourceQuality "1"]

{[%evp 9,60,34,41,1,-2,6,6,6,3,0,6,2,8,3,-9,-22,-14,-16,-15,-16,-21,-22,-16,-18,-18,-15,-15,-20,-29,-18,-29,-15,-22,-38,-41,-41,-29,-27,-42,-51,-55,-68,-71,-86,-85,-159,-172,-170,-170,-383,-383,-478,-468]} 1. e4 e5 2. Nf3 Nc6 3. Bb5 a6 4. Ba4 g6 5. d4 exd4 6. Bg5 {C70: Ruy Lopez: 3...a6 4 Ba4, Norwegian and Delayed Schliemann} Be7 7. Bxe7 Ngxe7 8. Nxd4 {The position is equal.} (8. Bxc6 Nxc6 9. Nxd4 Qf6 10. c3 O-O 11. O-O b6 12. Qf3 Qxf3 13. Nxf3 Re8 {½-½ (44) Xiong,J (2618)-Caruana,F (2795) Saint Louis 2016}) 8... O-O 9. Nxc6 dxc6 10. Qxd8 $146 ({Predecessor:} 10. Nd2 b5 11. Bb3 c5 12. c3 c4 13. Bc2 Nc6 14. O-O Ne5 15. a4 Rb8 16. f4 Nd3 17. axb5 axb5 18. Qe2 Qd6 {½-½ (18) Fonio,M (2130)-Taddei,S ICCF email 2009}) 10... Rxd8 11. Bb3 c5 12. Nc3 b5 {[#] And now ...c4 would win.} 13. Nd5 Kf8 {Threatens to win with ...c4.} 14. Nxe7 ({Avoid the trap} 14. Nxc7 $2 Ra7 $19) 14... Kxe7 15. Bd5 Rb8 16. O-O-O Bd7 {White must now prevent ...c6.} 17. e5 Be6 18. Be4 Rd4 ({Much worse is} 18... Bxa2 $6 19. b3 $16) 19. Rxd4 cxd4 $11 {[%mdl 4096] Endgame KRB-KRB} 20. b4 Bxa2 21. Kb2 Bc4 22. Ra1 Rb6 23. Rd1 f6 24. exf6+ Rxf6 25. Rxd4 Rxf2 26. Bb7 {[#]} Be6 $1 27. h4 (27. Rh4 $142) 27... Bf5 $17 28. g4 Rxc2+ ({Don't play} 28... Bxc2 29. Kc3 $17) 29. Ka1 $2 (29. Kb3 Rc4 30. Rxc4 bxc4+ 31. Kxc4 Bxg4 32. Kd3) 29... Be6 $19 30. Kb1 Rc4 {Accuracy: White = 50%, Black = 88%.} 0-1

[Event "V Open RGCC 2019"]
[Site "Gijon"]
[Date "2019.07.27"]
[Round "7.4"]
[White "Martinez Duany, Lelys Stanley"]
[Black "Navrotescu, Catalin"]
[Result "1-0"]
[WhiteElo "2535"]
[BlackElo "2356"]
[Annotator "TA"]
[PlyCount "53"]
[EventDate "2019.07.22"]
[EventType "swiss"]
[EventCountry "ESP"]
[SourceTitle "playchess.com"]
[Source "ChessBase"]
[SourceQuality "1"]

{[%evp 10,53,22,3,15,14,16,-2,-9,-14,0,0,15,21,37,18,40,22,34,36,27,15,15,15,20,17,145,143,154,149,473,477,475,474,618,617,1569,1540,5765,5697,1896,1906,1906,1868,1869,1832]} 1. e4 c5 2. Nc3 a6 3. g3 b5 4. Bg2 Bb7 5. d3 e6 6. Nh3 Nf6 {B23: Closed Sicilian: Lines without g3} (6... b4 7. Ne2 d5 8. e5 Nc6 9. f4 Nh6 10. Nf2 Nf5 11. O-O Qb6 12. c3 Be7 13. g4 Nh4 14. Bh1 {0-1 (35) Yu,Y (2738)-Khismatullin,D (2639) Moscow 2017}) 7. O-O b4 8. Nb1 {[%cal Bc3b1,Bb1d2,Bd2f1,Bf1e3][%mdl 32]} d5 {The position is equal.} 9. Nd2 Be7 10. Nf4 Nc6 11. exd5 exd5 12. Re1 O-O 13. Nf1 Re8 $146 ({Predecessor:} 13... Bd6 14. Nxd5 Nxd5 15. Bxd5 {1-0 (54) Simacek,P (2469)-Mickiewicz,P (2344) Novy Bor 2011}) 14. Ne3 {[%cal Re3d5]} Bf8 15. Nexd5 {Threatening Rxe8.} Rxe1+ 16. Qxe1 Nxd5 17. Bxd5 g6 {[#]} (17... Qd7 $1 $11) 18. Qe4 $1 $36 {[%mdl 2048] White is on the roll.} Qd6 19. Be3 Bg7 $2 {[%mdl 8192] [#]} (19... Rd8 $16) 20. Bxf7+ $1 $18 {[%mdl 512] White is clearly winning.} Kxf7 21. Qc4+ {[%mdl 64] Double Attack} Kf6 {Threatens to win with ...Ne5.} 22. Nd5+ Kf7 {And now ...Ne5 would win.} 23. Nc7+ $1 {[%mdl 64] Discovered Attack} Kf6 {[#]} 24. Bg5+ $1 {[%mdl 512]} Kf5 (24... Kxg5 25. Qh4+) 25. Qe4+ Kxg5 26. Qh4+ {[%mdl 64] Double Attack} Kf5 27. g4+ {Accuracy: White = 57%, Black = 28%.} 1-0

[Event "V Open RGCC 2019"]
[Site "Gijon"]
[Date "2019.07.27"]
[Round "7.5"]
[White "Manolache, Marius"]
[Black "Veiga, Jose Francisco R P N"]
[Result "1-0"]
[WhiteElo "2504"]
[BlackElo "2357"]
[Annotator "ChessBase"]
[PlyCount "81"]
[EventDate "2019.07.22"]
[EventType "swiss"]
[EventCountry "ESP"]
[SourceTitle "playchess.com"]
[Source "ChessBase"]
[SourceQuality "1"]
[TimeControl "5400+30"]

1. d4 Nf6 2. c4 c5 3. d5 e6 4. Nc3 exd5 5. cxd5 d6 6. e4 g6 7. f4 Bg7 8. Bb5+ Nfd7 9. a4 O-O 10. Nf3 Na6 11. O-O Nb4 12. Kh1 a6 13. Bc4 Nb6 14. Be2 Bg4 15. h3 Bxf3 16. Rxf3 Re8 17. Be3 Bd4 18. Qd2 Qf6 19. Rd1 Bxe3 20. Qxe3 Nc2 21. Qf2 Nd4 22. Re3 Nd7 23. Qg3 Qe7 24. Qf2 Qf6 25. Kg1 Rab8 26. Bg4 Nb6 27. b3 Qg7 28. a5 Na8 29. e5 dxe5 30. fxe5 Rxe5 31. Rxe5 Qxe5 32. Re1 Qc7 33. Ne4 f5 34. Nf6+ Kh8 35. Ne8 Qf7 36. Qe3 Rd8 37. Qe5+ Kg8 38. Bf3 Nc2 39. d6 Nb4 40. Nf6+ Kg7 41. Ng4+ 1-0

[Event "V Open RGCC 2019"]
[Site "Gijon"]
[Date "2019.07.27"]
[Round "7.6"]
[White "Bobadilla Viera, Jorge Samuel"]
[Black "Gascon Del Nogal, Jose Rafael"]
[Result "0-1"]
[WhiteElo "2381"]
[BlackElo "2466"]
[Annotator "RC"]
[PlyCount "72"]
[EventDate "2019.07.22"]
[EventType "swiss"]
[EventCountry "ESP"]
[SourceTitle "playchess.com"]
[Source "ChessBase"]
[SourceQuality "1"]
[TimeControl "5400+30"]

1. e4 c5 2. Nf3 d6 3. Bb5+ Nc6 4. O-O Bd7 5. c3 Nf6 6. Re1 a6 7. Bc4 Bg4 8. d4 cxd4 9. cxd4 Bxf3 10. gxf3 e5 11. Be3 exd4 12. Bxd4 Nxd4 13. Qxd4 Be7 14. Nc3 O-O 15. Rad1 b5 16. Bd5 Rb8 17. e5 b4 18. Ne4 Nxd5 19. exd6 Nf4 20. dxe7 Qxe7 21. Ng3 Ne6 22. Qd6 Qf6 23. Qxa6 Qxf3 24. Qd3 Ng5 25. Qe3 h6 26. Re2 Qa8 27. Ne4 Rbe8 28. f3 f5 29. Qb3+ Kh8 30. Nxg5 Rxe2 31. Nf7+ Kh7 32. Qd3 Qe8 33. Kf1 Re3 34. Qxf5+ g6 35. Ng5+ hxg5 36. Rd7+ Re7 0-1

[Event "V Open RGCC 2019"]
[Site "Gijon"]
[Date "2019.07.27"]
[Round "7.7"]
[White "Del Rio De Angelis, Salvador G."]
[Black "Becerra, Juan David"]
[Result "0-1"]
[WhiteElo "2464"]
[BlackElo "2327"]
[Annotator "TA"]
[PlyCount "72"]
[EventDate "2019.07.22"]
[EventType "swiss"]
[EventCountry "ESP"]
[SourceTitle "playchess.com"]
[Source "ChessBase"]
[SourceQuality "1"]

{[%evp 14,72,32,31,50,53,63,62,66,60,72,72,108,105,125,107,112,110,111,120,117,62,70,9,91,90,93,73,72,72,65,34,60,27,50,42,16,-36,27,0,50,-25,-25,-25,-25,-31,-21,-32,-14,-18,208,200,207,211,200,194,309,327,308,325,301]} 1. d4 d5 2. c4 e6 3. Nc3 c6 4. Nf3 Nf6 5. g3 Bd6 6. Bg2 O-O 7. O-O Nbd7 {[%cal Bb8d7,Bd7b6,Bb6c4][%mdl 32]} 8. Nd2 dxc4 {E01: Catalan: Early deviations} (8... c5 9. cxd5 exd5 10. dxc5 Nxc5 11. Nb3 Nxb3 12. axb3 Be6 13. Nxd5 Nxd5 14. Bxd5 Qe7 15. Bxe6 Qxe6 16. Ra4 {1-0 (33) Ivanisevic,I (2630)-Todorovic,G (2457) Kragujevac 2017}) 9. Nxc4 Bc7 10. f4 Nb6 {White is slightly better.} 11. Ne5 Nfd5 $146 ({Predecessor:} 11... Qe7 12. Qc2 Rd8 13. Rd1 Bd7 14. Be3 Be8 15. Bf2 Rac8 16. h3 {1-0 (41) Filip,L (2490)-Spulber,C (2244) Sarata Monteoru 2012}) 12. e4 Ne7 13. Be3 f6 14. Nf3 Nc4 {[#]} 15. Bf2 $1 Kh8 16. Qe2 Nd6 17. g4 (17. Rfd1 $16) 17... Nf7 18. Bg3 (18. e5 $14) 18... Ng6 {[#]} (18... e5 $1 $11 {remains equal.} 19. dxe5 Bxg4) 19. e5 $1 $16 f5 20. gxf5 exf5 21. Rad1 Be6 22. h3 Qd7 23. Ne1 Rad8 24. Nc2 Ne7 25. Bh4 ({Better is} 25. Ne3 $11) 25... Rde8 (25... g5 $15 26. Bxg5 (26. fxg5 Ng6 $11) 26... Nxg5 27. fxg5 Ng6) 26. Ne3 Bd8 27. Kh2 (27. Be1 $14) 27... g5 $1 $11 {[%cal Rg5h4]} 28. Bxg5 Nxg5 29. fxg5 Ng6 30. Qh5 Qg7 31. Kh1 c5 $2 (31... Bc7 $11 {and Black is okay.}) 32. d5 $18 ({Don't do} 32. dxc5 $6 Qxe5 33. Ned5 Qg3 $11) 32... Qxe5 {And now ...Bc7 would win.} 33. Nc4 ({Weaker is} 33. dxe6 Bc7 $11) 33... Qg3 {Threatens to win with ...Bc7.} 34. Ne2 Qc7 (34... Qxg5 {might work better.} 35. Qxg5 Bxg5) 35. dxe6 Rxe6 36. Nc3 a6 {[%mdl 32768] Accuracy: White = 47%, Black = 39%. . Loss on time!?} 0-1

[Event "V Open RGCC 2019"]
[Site "Gijon"]
[Date "2019.07.27"]
[Round "8.1"]
[White "Grigoryan, Karen H."]
[Black "Ortiz Suarez, Isan Reynaldo"]
[Result "*"]
[WhiteElo "2549"]
[BlackElo "2533"]
[Annotator "TA"]
[PlyCount "87"]
[EventDate "2019.07.22"]
[EventType "swiss"]
[EventCountry "ESP"]
[SourceTitle "playchess.com"]
[Source "ChessBase"]
[SourceQuality "1"]

{[%evp 14,87,7,18,20,16,27,23,24,23,27,27,35,35,82,89,75,58,83,79,74,72,67,58,63,61,60,61,75,65,68,66,100,97,93,80,129,135,132,95,142,130,139,128,125,147,141,133,139,128,149,141,149,132,274,273,271,173,160,183,220,220,220,220,222,223,227,223,203,233,233,233,233,233,233,214]} 1. d4 d5 2. c4 c6 3. Nf3 Nf6 4. Qb3 e6 5. Bg5 Nbd7 6. Nc3 Be7 7. e3 O-O 8. Bd3 b6 {D60: Queen's Gambit Declined: Classical: Unusual White 7th moves} 9. cxd5 exd5 10. O-O Bb7 {White has an edge.} 11. Rfd1 Re8 12. Rac1 Rc8 $146 ({Predecessor:} 12... Nh5 13. Bxe7 Qxe7 14. Nxd5 cxd5 15. Rc7 Rab8 16. Ne5 {1-0 (64) Gurevich,M (2635)-Pert,N (2525) Dresden 2007}) 13. Bf5 h6 14. Bxf6 Bxf6 15. e4 g6 16. Bh3 Bg7 17. exd5 cxd5 18. Nb5 {And now Nd6 would win.} ({Inferior is} 18. Nxd5 Rxc1 19. Rxc1 Bxd4 $17) 18... Rxc1 19. Rxc1 Nf8 20. Nxa7 Ne6 21. Bxe6 $1 Rxe6 22. Nb5 g5 23. Nc7 Rd6 24. Qb5 g4 25. Ne5 Qg5 26. Rd1 Bxe5 27. Qe8+ {[%mdl 64] [#] Double Attack} ({Worse is} 27. dxe5 Qxe5 28. Qd3 Qxb2 $15) 27... Kg7 {Strongly threatening ...Rc6.} 28. Qxe5+ Qxe5 29. dxe5 $16 {[%mdl 4096] Endgame KRB-KRN} Rc6 30. Nxd5 Rc2 {[#] Threatens to win with ...Bxd5.} 31. Ne3 ({But not} 31. Nxb6 $6 Rxb2 32. Nc4 Rxa2 $14) 31... Rxb2 32. Nxg4 Rxa2 33. h3 Bc8 (33... Ra5 $16) 34. Nf6 $18 {Black must now prevent Rd8.} Be6 35. Rd8 {[%csl Gf6][%cal Rd8g8]} Kg6 {White is clearly better.} 36. f4 Kf5 37. Rd4 {aiming for g4+.} Ra1+ 38. Kh2 {g4+ would kill now.} Ra2 39. Ng8 {[%cal Rg8e7]} Kg6 40. Ne7+ Kg7 41. f5 Kf8 42. fxe6 Kxe7 43. exf7 Kxf7 44. Rd6 {Accuracy: White = 87%, Black = 50%.} *

[Event "V Open RGCC 2019"]
[Site "Gijon"]
[Date "2019.07.27"]
[Round "8.2"]
[White "Cruz, Cristhian"]
[Black "Del Rio De Angelis, Salvador G."]
[Result "1/2-1/2"]
[WhiteElo "2562"]
[BlackElo "2464"]
[Annotator "ChessBase"]
[PlyCount "119"]
[EventDate "2019.07.22"]
[EventType "swiss"]
[EventCountry "ESP"]
[SourceTitle "playchess.com"]
[Source "ChessBase"]
[SourceQuality "1"]
[TimeControl "5400+30"]

1. Nf3 c5 2. c4 g6 3. d4 cxd4 4. Nxd4 Bg7 5. e4 Nf6 6. Nc3 d6 7. Be2 O-O 8. O-O a6 9. Be3 b6 10. Qd2 Bb7 11. f3 Nbd7 12. Rac1 Re8 13. Rfd1 e6 14. Bf2 Rc8 15. Bf1 Ne5 16. b3 d5 17. cxd5 exd5 18. Nxd5 Nxd5 19. Rxc8 Qxc8 20. exd5 Rd8 21. Rc1 Qa8 22. Qb4 Rxd5 23. Qxb6 Nd7 24. Qb4 a5 25. Qc3 h5 26. Bc4 Rd6 27. Bb5 Qb8 28. Qc4 Be5 29. h3 Qd8 30. Nc6 Bxc6 31. Bxc6 Rd2 32. f4 Bd6 33. Re1 Nf6 34. f5 gxf5 35. Qh4 Bf8 36. Be3 Rxa2 37. Bd4 Bg7 38. Re8+ Qxe8 39. Bxe8 Nxe8 40. Qg5 a4 41. b4 a3 42. b5 Kh8 43. Qxh5+ Kg8 44. Qg5 Kh8 45. Qd8 Bxd4+ 46. Qxd4+ Ng7 47. b6 Rb2 48. Kh2 Kh7 49. Qh4+ Kg6 50. Qg3+ Kh7 51. Qh4+ Kg6 52. Qg3+ Kh7 53. Qxa3 Rxb6 54. Qe7 Kg6 55. Qd8 Re6 56. Qd3 Kh6 57. Qd2+ Kh7 58. Qd3 Kh6 59. Qd2+ Kh7 60. Qd3 1/2-1/2

[Event "V Open RGCC 2019"]
[Site "Gijon"]
[Date "2019.07.27"]
[Round "8.4"]
[White "Domingo Nunez, Alejandro"]
[Black "Manolache, Marius"]
[Result "0-1"]
[WhiteElo "2399"]
[BlackElo "2504"]
[Annotator "RC"]
[PlyCount "74"]
[EventDate "2019.07.22"]
[EventType "swiss"]
[EventCountry "ESP"]
[SourceTitle "playchess.com"]
[Source "ChessBase"]
[SourceQuality "1"]
[TimeControl "5400+30"]

1. e4 d6 2. d4 Nf6 3. Nc3 g6 4. Nf3 Bg7 5. Be2 O-O 6. O-O a6 7. a4 b6 8. Re1 Bb7 9. Bf1 e6 10. Bf4 Nbd7 11. Qd2 Nh5 12. Bg5 Qb8 13. h3 Re8 14. Rad1 Bh8 15. Bh6 Qd8 16. g4 Nhf6 17. Bg2 e5 18. dxe5 Nxe5 19. Nd4 Nfd7 20. b3 Nc5 21. Nd5 c6 22. Nc3 Ned3 23. cxd3 Bxd4 24. Ne2 Bh8 25. Qc2 d5 26. exd5 cxd5 27. d4 Ne4 28. f3 Rc8 29. Qd3 Nf2 30. Kxf2 Qh4+ 31. Kg1 Qxh6 32. f4 Qh4 33. Rc1 Bg7 34. Rf1 Rxc1 35. Rxc1 Qe7 36. Kf1 Qd6 37. Rc3 Bf6 0-1

[Event "V Open RGCC 2019"]
[Site "Gijon"]
[Date "2019.07.27"]
[Round "8.5"]
[White "Gascon Del Nogal, Jose Rafael"]
[Black "Newrkla, Katharina"]
[Result "1-0"]
[WhiteElo "2466"]
[BlackElo "2168"]
[Annotator "ChessBase"]
[PlyCount "63"]
[EventDate "2019.07.22"]
[EventType "swiss"]
[EventCountry "ESP"]
[SourceTitle "playchess.com"]
[Source "ChessBase"]
[SourceQuality "1"]
[TimeControl "5400+30"]

1. d4 Nf6 2. c4 g6 3. Nc3 Bg7 4. e4 d6 5. Nge2 Nbd7 6. Ng3 h5 7. h4 c5 8. d5 Ne5 9. Be2 a6 10. a4 Bd7 11. O-O Rb8 12. Qc2 O-O 13. f4 Neg4 14. e5 dxe5 15. f5 e4 16. Bxg4 Nxg4 17. Ncxe4 Bd4+ 18. Kh1 Qc7 19. Bf4 Be5 20. d6 exd6 21. fxg6 fxg6 22. Bxe5 Nxe5 23. Nf6+ Kh8 24. Qd2 Ng4 25. Qc3 Ne5 26. Qe3 Kg7 27. Ngxh5+ gxh5 28. Qg5+ Ng6 29. Nxh5+ Kh7 30. Nf6+ Rxf6 31. Rxf6 Be8 32. h5 1-0

[Event "V Open RGCC 2019"]
[Site "Gijon"]
[Date "2019.07.27"]
[Round "8.6"]
[White "Campora, Daniel H."]
[Black "Vinuela Diaz, Saul"]
[Result "0-1"]
[WhiteElo "2420"]
[BlackElo "2280"]
[Annotator "NA"]
[PlyCount "78"]
[EventDate "2019.07.22"]
[EventType "swiss"]
[EventCountry "ESP"]
[SourceTitle "playchess.com"]
[Source "ChessBase"]
[SourceQuality "1"]
[TimeControl "5400+30"]

1. e4 c5 2. Nf3 Nc6 3. Bb5 g6 4. O-O Bg7 5. Bxc6 dxc6 6. d3 Qc7 7. Nc3 e5 8. a3 b6 9. b4 Ne7 10. Be3 O-O 11. bxc5 f5 12. cxb6 axb6 13. Qb1 Rb8 14. Qb3+ Kh8 15. Rab1 c5 16. Ng5 f4 17. Bd2 Qd6 18. Nb5 Qf6 19. Nf3 g5 20. d4 exd4 21. c3 g4 22. Ne1 Be6 23. Qc2 Bc4 24. cxd4 Bxf1 25. Kxf1 cxd4 26. Nd3 Ng6 27. Bb4 Rfc8 28. Qd1 f3 29. Bd6 Ra8 30. Kg1 Qe6 31. gxf3 gxf3 32. Qxf3 Nh4 33. Qe2 Qh3 34. f4 Rg8 35. Kh1 Bf6 36. Ne1 Rg7 37. f5 Rag8 38. Qf2 Qg4 39. Ng2 Qxe4 0-1

[Event "V Open RGCC 2019"]
[Site "Gijon"]
[Date "2019.07.27"]
[Round "8.7"]
[White "Quispe Arteaga, Gabriel"]
[Black "Domingo Nunez, Ruben"]
[Result "1/2-1/2"]
[WhiteElo "2382"]
[BlackElo "2318"]
[Annotator "NA"]
[PlyCount "212"]
[EventDate "2019.07.22"]
[EventType "swiss"]
[EventCountry "ESP"]
[SourceTitle "playchess.com"]
[Source "ChessBase"]
[SourceQuality "1"]
[TimeControl "5400+30"]

1. Nf3 Nf6 2. c4 b6 3. g3 Bb7 4. Bg2 g6 5. b3 Bg7 6. Bb2 O-O 7. O-O e6 8. d4 Na6 9. Nc3 d5 10. cxd5 exd5 11. Rc1 Ne4 12. e3 Nxc3 13. Bxc3 c6 14. Qd2 Qd6 15. Rfd1 Rfe8 16. Ne1 Nc7 17. Nd3 Ne6 18. h4 Bf6 19. Bh3 Bc8 20. Bb4 Qc7 21. Bg2 Qb7 22. Bd6 Rd8 23. Ba3 Bd7 24. Ne5 Be8 25. h5 Rac8 26. Qe2 Bg7 27. hxg6 hxg6 28. Bh3 f5 29. f4 Bxe5 30. dxe5 c5 31. g4 Qh7 32. Qg2 Kf7 33. Qg3 Bc6 34. Bb2 Rh8 35. Bg2 Qh4 36. Kf2 d4 37. Qxh4 Rxh4 38. Bxc6 dxe3+ 39. Kxe3 Rh3+ 40. Kf2 Rxc6 41. gxf5 gxf5 42. Rh1 Nxf4 43. Rxh3 Nxh3+ 44. Kg3 Rh6 45. Rh1 f4+ 46. Kg2 f3+ 47. Kxf3 Ng5+ 48. Kg2 Rxh1 49. Kxh1 Ke6 50. Kg2 Kf5 51. Kf2 Nf7 52. Ke3 Nxe5 53. Bc3 Nc6 54. Kd3 Ne5+ 55. Ke3 Ke6 56. Ke4 Nf7 57. a4 Nd6+ 58. Kd3 Kd5 59. Bd2 Nf5 60. Bg5 Nd4 61. Kc3 Nc6 62. Bh6 a6 63. Bf8 Nd4 64. Bg7 Nf5 65. Bf6 Nd6 66. Bg7 Ne4+ 67. Kc2 c4 68. b4 b5 69. axb5 axb5 70. Bf8 Kd4 71. Bg7+ Ke3 72. Bh6+ Ke2 73. Bf8 Nf6 74. Bg7 Nd5 75. Bf8 Ke3 76. Bh6+ Kd4 77. Bg7+ Ke4 78. Bf8 Ke5 79. Bc5 Kf4 80. Bd6+ Kf5 81. Bf8 Ke5 82. Bg7+ Kd6 83. Bf8+ Ke6 84. Bc5 Nf6 85. Bf8 Nd7 86. Bh6 Ke5 87. Kc3 Ke4 88. Bg7 Ke3 89. Bd4+ Ke4 90. Bg7 Nb6 91. Bf8 Nd5+ 92. Kc2 Kf5 93. Bc5 Nf6 94. Bf8 Ne4 95. Bh6 Ke5 96. Bf8 Kd5 97. Bg7 c3 98. Bxc3 Nxc3 99. Kxc3 Ke4 100. Kc2 Kd4 101. Kd2 Ke4 102. Ke2 Kd4 103. Kd2 Kc4 104. Kc2 Kxb4 105. Kb2 Kc4 106. Kc2 b4 1/2-1/2